Poland administrative divisions - Statistics

General Stats
  • This quiz has been taken 15 times
  • The average score is 8 of 16
Answer Stats
Answer % Correct
Greater Poland
86%
Lesser Poland
86%
Pomerania
86%
Lodz
71%
Silesia
71%
Lublin
57%
Opole
57%
Lower Silesia
43%
Masovia
43%
Podlaskie
43%
West Pomerania
43%
Kuyavia Pomerania
29%
Subcarpathia
29%
Warmia Masuria
29%
Lubusz
14%
Swietokrzyskie
14%
No matching quizzes found
Score Distribution
Percent of People with Each Score
Percentile by Number Answered
Your Score History
You have not taken this quiz